Central Library OPAC University of Rajshahi
Normal view MARC view

Entry Topical Term

Number of records used in: 2

001 - CONTROL NUMBER

  • control field: 10040

003 - CONTROL NUMBER IDENTIFIER

  • control field: BD-RjUL

005 - DATE AND TIME OF LATEST TRANSACTION

  • control field: 20231114120428.0

008 - FIXED-LENGTH DATA ELEMENTS

  • fixed length control field: 231114|| aca||aabn | a|a d

040 ## - CATALOGING SOURCE

  • Original cataloging agency: BD-RjUL
  • Transcribing agency: BD-RjUL

150 ## - HEADING--TOPICAL TERM

  • Topical term or geographic name entry element: Mongols
  • Geographic subdivision: Iran
  • General subdivision: History

670 ## - SOURCE DATA FOUND

  • Source citation: Work cat.: (BD-RjUL)82284: Rashīd al-Dīn Ṭabīb ;;, رشيد الدين طبيب، 1247?-1318. 10039, کتاب تارىخ مبارک غازانى : داستان غازان خان / Kitāb-i tārīkh-i mubārak-i Ghāzānī : dāstān-i Ghāzān Khān /, 1940.